[Event "Scarborough CC-ch Reserves U1400"]
[Site "Toronto"]
[Date "2012.05.10"]
[Round "8"]
[White "Patel, Alay"]
[Black "Roy, Harrison"]
[Result "1-0"]
[WhiteElo "914"]
[BlackElo "827"]
[PlyCount "85"]
[EventDate "2012.03.22"]
[EventType "swiss"]
[EventRounds "9"]
[EventCountry "CAN"]
[SourceTitle "EXT 2022"]
[Source "ChessBase"]
[SourceDate "2021.10.06"]
[SourceVersion "1"]
[SourceVersionDate "2021.10.06"]
[SourceQuality "1"]

1. e3 e5 2. Nf3 Nc6 3. Bb5 d6 4. Nc3 Bd7 5. 0-0 d5 6. Nxd5 Bg4 7. Nc3 Nf6 8. Qe2 e4 9. Nxe4 Nxe4 10. Qc4 Nf6 11. Ne5 Qe7 12. Nxg4 Nxg4 13. Bxc6+ bxc6 14. Qxc6+ Qd7 15. Qxa8+ Qd8 16. Qe4+ Be7 17. Qxg4 0-0 18. Qd4 Bd6 19. b3 c5 20. Qc3 Qh4 21. g3 Qh3 22. Bb2 f6 23. Qc4+ Kh8 24. Qd5 Qd7 25. Ba3 Re8 26. Bxc5 Re5 27. Qxd6 Qxd6 28. Bxd6 Rd5 29. Bf4 Rxd2 30. Rad1 Rxd1 31. Rxd1 g5 32. Rd8+ Kg7 33. Bd6 h5 34. Rd7+ Kg6 35. Rxa7 f5 36. c4 f4 37. exf4 gxf4 38. gxf4 h4 39. c5 h3 40. c6 Kh6 41. c7 Kh5 42. c8Q Kh4 43. Rh7# 1-0

[Event "Scarborough CC-ch Reserves U1400"]
[Site "Toronto"]
[Date "2012.05.03"]
[Round "7"]
[White "Patel, Saiyam"]
[Black "Patel, Alay"]
[Result "0-1"]
[WhiteElo "871"]
[BlackElo "914"]
[PlyCount "46"]
[EventDate "2012.03.22"]
[EventType "swiss"]
[EventRounds "9"]
[EventCountry "CAN"]
[SourceTitle "EXT 2022"]
[Source "ChessBase"]
[SourceDate "2021.10.06"]
[SourceVersion "1"]
[SourceVersionDate "2021.10.06"]
[SourceQuality "1"]

1. e4 g6 2. Qf3 Bg7 3. Bc4 e6 4. Nh3 Nh6 5. b4 b6 6. Nf4 Bxa1 7. Nc3 Bb7 8. Qh3 Qg5 9. d4 Bxc3+ 10. Kd1 Bxd4 11. Nxe6 Qh5+ 12. f3 Qxh3 13. gxh3 dxe6 14. b5 0-0 15. Ba3 Rd8 16. Bc1 Be3+ 17. Ke2 Bxc1 18. Rxc1 f5 19. Rd1 Rxd1 20. Kxd1 fxe4 21. fxe4 Bxe4 22. Bxe6+ Kf8 23. Ke2 Ke7 0-1

[Event "Scarborough CC-ch Reserves U1400"]
[Site "Toronto"]
[Date "2012.04.12"]
[Round "4"]
[White "Thanabalachandran, Luxiga"]
[Black "Patel, Alay"]
[Result "0-1"]
[WhiteElo "874"]
[BlackElo "914"]
[PlyCount "90"]
[EventDate "2012.03.22"]
[EventType "swiss"]
[EventRounds "9"]
[EventCountry "CAN"]
[SourceTitle "EXT 2022"]
[Source "ChessBase"]
[SourceDate "2021.10.06"]
[SourceVersion "1"]
[SourceVersionDate "2021.10.06"]
[SourceQuality "1"]

1. e4 e6 2. d4 Nf6 3. Nc3 d5 4. e5 Ne4 5. Nxe4 dxe4 6. f3 exf3 7. Nxf3 b6 8. Bb5+ Bd7 9. Bxd7+ Qxd7 10. Qe2 c5 11. dxc5 bxc5 12. Qe4 Nc6 13. Be3 Be7 14. Rd1 Qc7 15. Bg5 Bxg5 16. Nxg5 g6 17. Rd6 Rc8 18. Rf1 0-0 19. Qc4 Nxe5 20. Qa6 h6 21. Nf3 Nxf3+ 22. Rxf3 Rfd8 23. Rc6 Qxc6 24. Qxc6 Rxc6 25. Rd3 Rxd3 26. cxd3 Rd6 27. Ke2 Rd5 28. Ke3 Re5+ 29. Kd2 Rd5 30. a3 c4 31. Kc3 cxd3 32. Kd2 e5 33. b4 e4 34. a4 e3+ 35. Kd1 e2+ 36. Kd2 f5 37. g3 Re5 38. Ke1 d2+ 39. Kxd2 e1Q+ 40. Kd3 Qe3+ 41. Kc4 Qc1+ 42. Kd3 Rd5+ 43. Ke2 Qc3 44. Kf2 Rd2+ 45. Ke1 Qc1# 0-1

[Event "Scarborough CC Winter End U1400"]
[Site "Toronto"]
[Date "2012.03.01"]
[Round "3"]
[White "Patel, Alay"]
[Black "Lin, Benjamin1"]
[Result "0-1"]
[WhiteElo "890"]
[BlackElo "1254"]
[PlyCount "50"]
[EventDate "2012.02.16"]
[EventType "swiss"]
[EventRounds "5"]
[EventCountry "CAN"]
[SourceTitle "EXT 2022"]
[Source "ChessBase"]
[SourceDate "2021.10.06"]
[SourceVersion "1"]
[SourceVersionDate "2021.10.06"]
[SourceQuality "1"]

1. e3 d5 2. Nf3 Nc6 3. Nc3 e5 4. e4 d4 5. Na4 Nf6 6. Nc5 Bxc5 7. c3 Nxe4 8. Bd3 Ng5 9. Nxg5 Qxg5 10. cxd4 Bxd4 11. Qf3 0-0 12. Qh3 Bxh3 13. gxh3 Qg2 14. Rf1 f5 15. Bc4+ Kh8 16. Rb1 Rae8 17. d3 e4 18. dxe4 Qxe4+ 19. Kd1 Qxb1 20. f3 Bxb2 21. Kd2 Bxc1+ 22. Rxc1 Qb4+ 23. Kd1 Re1+ 24. Kc2 Qxc4+ 25. Kb1 Qxc1# 0-1

[Event "Scarborough CC Frost U1400"]
[Site "Toronto"]
[Date "2012.02.02"]
[Round "5"]
[White "Liu, Daniel1"]
[Black "Patel, Alay"]
[Result "1-0"]
[WhiteElo "1122"]
[BlackElo "888"]
[PlyCount "33"]
[EventDate "2012.01.05"]
[EventType "swiss"]
[EventRounds "6"]
[EventCountry "CAN"]
[SourceTitle "EXT 2022"]
[Source "ChessBase"]
[SourceDate "2021.10.06"]
[SourceVersion "1"]
[SourceVersionDate "2021.10.06"]
[SourceQuality "1"]

1. e4 e6 2. Nf3 Nf6 3. e5 Ne4 4. Qe2 d5 5. exd6 Nxd6 6. Nc3 b6 7. Qe3 Nf5 8. Qe4 c6 9. d3 Nd6 10. Qe2 Ba6 11. Be3 c5 12. 0-0-0 Qc8 13. Bf4 c4 14. dxc4 Bxc4 15. Qd2 Ne4 16. Nxe4 Qa6 17. Qd8# 1-0